|
|
|
|
| LEADER |
01587nam a2200349 a 4500 |
| 001 |
AAL 231 |
| 003 |
BD-DhAAL |
| 005 |
20160209173825.0 |
| 008 |
150205s1993 nyua b 001 0 eng |
| 010 |
|
|
|a 93019581
|
| 020 |
|
|
|a 0471593648 (cloth : acidfree paper) :
|c $34.95
|
| 040 |
|
|
|a DLC
|c DLC
|d DLC
|d BD-DhAAL
|
| 050 |
0 |
0 |
|a HD58.8
|b .H353 1993
|
| 082 |
0 |
0 |
|a 658.4/06
|2 20
|
| 999 |
|
|
|c 33585
|d 33585
|
| 999 |
|
|
|c 33585
|
| 100 |
1 |
|
|a Halal, William E.
|9 7961
|
| 245 |
1 |
0 |
|a Internal markets :
|b bringing the power of free enterprise inside your organization /
|c William E. Halal, Ali Geranmayeh, John Pourdehnad ; foreword by Russell L. Ackoff.
|
| 260 |
|
|
|a New York :
|b Wiley,
|c c1993.
|
| 300 |
|
|
|a xviii, 301 p. :
|b ill. ;
|c 24 cm.
|
| 504 |
|
|
|a Includes bibliographical references (p. 276-288) and index.
|
| 541 |
|
|
|e 231
|
| 650 |
|
0 |
|a Organizational change.
|9 7962
|
| 650 |
|
0 |
|a Corporate reorganizations.
|9 7963
|
| 650 |
|
0 |
|a Organizational effectiveness.
|9 7727
|
| 650 |
|
0 |
|a Decentralization in management.
|9 5585
|
| 700 |
1 |
|
|a Geranmayeh, Ali.
|9 7964
|
| 700 |
1 |
|
|a Pourdehnad, John.
|9 7965
|
| 942 |
|
|
|2 ddc
|c BK
|
| 952 |
|
|
|0 0
|1 0
|2 ddc
|4 0
|6 658_406000000000000_HAL
|7 0
|9 52466
|a SCL
|b SCL
|c GEN
|d 2015-02-05
|l 0
|o 658.406 HAL
|p 3020000231
|r 2015-02-05
|t 1
|w 2015-02-05
|y BK
|
| 952 |
|
|
|0 0
|1 0
|2 ddc
|4 0
|6 658_406000000000000_HAL
|7 0
|9 53118
|a SCL
|b SCL
|c GEN
|d 2015-03-15
|l 0
|o 658.406 HAL
|p 3020001078
|r 2015-03-15
|t 2
|w 2015-03-15
|y BK
|
| 952 |
|
|
|0 0
|1 0
|2 ddc
|4 0
|6 658_406000000000000_HAL
|7 0
|9 53605
|a SCL
|b SCL
|c GEN
|d 2015-04-28
|e Gift: The Asia Foundation
|l 0
|o 658.406 HAL
|p 3020000230
|r 2015-04-28
|t 3
|w 2015-04-28
|y BK
|